The Juggler of Notre Dame and the Medievalizing of Modernity: Volume 1: The Middle Ages (Record no. 20331)
[ view plain ]
| 000 -LEADER | |
|---|---|
| fixed length control field | 00555nam a2200121Ia 4500 |
| 008 - FIXED-LENGTH DATA ELEMENTS--GENERAL INFORMATION | |
| fixed length control field | 220616s9999||||xx |||||||||||||| ||und|| |
| 100 ## - MAIN ENTRY--PERSONAL NAME | |
| Personal name | Ziolkowski, Jan M. (Author) |
| 245 #4 - TITLE STATEMENT | |
| Title | The Juggler of Notre Dame and the Medievalizing of Modernity: Volume 1: The Middle Ages |
| 546 ## - LANGUAGE NOTE | |
| Language note | English[eng] |
| 650 ## - SUBJECT ADDED ENTRY--TOPICAL TERM | |
| Topical term or geographic name entry element | medievalism||folklore||medieval studies||art history||Modernity||literary history||Middle Ages||reception studies||philology||The Juggler of Notre Dame||performance studies |
| 856 ## - ELECTRONIC LOCATION AND ACCESS | |
| Uniform Resource Identifier | <a href="https://www.openbookpublishers.com/reader/697">https://www.openbookpublishers.com/reader/697</a> |
| 942 ## - ADDED ENTRY ELEMENTS (KOHA) | |
| Koha item type | E-Books |
| Withdrawn status | Lost status | Damaged status | Not for loan | Home library | Current library | Date acquired | Total Checkouts | Date last seen | Price effective from | Koha item type |
|---|---|---|---|---|---|---|---|---|---|---|
| Kerala University of Digital Sciences, Innovation and Technology Knowledge Centre | Kerala University of Digital Sciences, Innovation and Technology Knowledge Centre | 16/06/2022 | 16/06/2022 | 16/06/2022 | E-Books |